Revolucin̤ pasiva y consolidacin̤ del moderno estado mexicano 1920-1940

Bibliographic Details
Main Author: Reyes Garmendia, Ernesto Soto
Format: eBook
Language:Spanish
Published: Ciudad de Mx̌ico: Cm̀ara de Diputados, 2016
Subjects:
Online Access:Acceso restringido

MARC

LEADER 00000nam a22000007a 4500
005 20170929175659.0
007 cr|||| ||||
008 170929s2016 mx |||||s|||| 00||0 spa d
035 |a 20639 
040 |a vLex 
090 |c 7032  |d 7032 
100 1 |a Reyes Garmendia, Ernesto Soto 
245 1 0 |a Revolucin̤ pasiva y consolidacin̤ del moderno estado mexicano 1920-1940  |h [Recurso electrn̤ico] /  |c Ernesto Soto Reyes Garmendia  
256 |a Servicio en ln̕ea 
260 |a Ciudad de Mx̌ico:  |b Cm̀ara de Diputados,  |c 2016 
300 |a 1 recurso electrn̤ico 
506 1 |a Disponible solo en los productos indicados  |d vLex Global  |d vLex Global (Academic Edition, excluding Law Schools)  |d vLex Global (U.S. Academic Edition, Law Schools)  |d vLex Global (U.S. Academic Edition, excluding Law Schools)  |d vLex Global (Academic Edition, Law Schools) 
650 |a Derecho civil  |z Mx̌ico 
650 |a Derecho constitucional  |z Mx̌ico 
740 0 |a vLex Libros (Servicio en ln̕ea) 
856 4 0 |u http://vlex.com/source/revolucion-pasiva-y-consolidacion-del-moderno-estado-mexicano-1920-1940-20639/  |z Acceso restringido 
942 |c BOOK 
999 0 |a Civil law 
999 0 |a Constitutional law